| 000 | 00764nam a22001817a 4500 | ||
|---|---|---|---|
| 999 |
_c63570 _d63570 |
||
| 003 | Ge_BSU | ||
| 005 | 20251103153159.0 | ||
| 008 | 251103s1975 ge ||||| |||| 00| 0 geo d | ||
| 041 | _ageo | ||
| 080 | _a332.334(479.22) ი-29 | ||
| 100 |
_aიაშვილი, ნ. _94099 |
||
| 245 |
_aსაქართველოს სსრ მიწის ფონდი : _bწ. 2 / _cნ. იაშვილი. |
||
| 264 |
_aთბილისი : _bთბილ. უნ-ტის გამ-ბა, _c1975. |
||
| 300 |
_a531 გვ.; _b21 სმ. |
||
| 500 | _aლიტ. სია: გვ. 523-528. დამატებები: გვ. 471-522. | ||
| 653 | _aსაქართველოს მიწის ფონდი | ||
| 942 |
_2udc _cᲬᲘᲒᲜᲘ |
||